| 000 | 01630cab a2200229 4500 | ||
|---|---|---|---|
| 001 | ABS52352 | ||
| 008 | 090401t1995 xxu||||| |||| 00| 0 eng d | ||
| 035 | _a(Sirsi) u74344 | ||
| 041 | _aeng | ||
| 245 | _aPelham Homes Limited v SoS Environment and Runnymede BC | ||
| 260 | _c1995 | ||
| 350 | _a0 | ||
| 490 |
_aProperty and Compensation Reports _v(1995) 65 PCR 64-78(15) |
||
| 520 | _aQBD 20 May 1994. The applicants (P) are owners of a site of open land identified on the local plan as a site for housing, phased for development after 2001. Following a local plan inquiry the Inspector recommended that this site`s development be brought forward to 1996-2001. The borough council (R), did not accept this and altered the phasing of development under the plan in respect of other sites without bringing forward P`s site and refused to reopen the inquiry on the grounds that `other factors have been taken into account`. P objected and the Planning and Development Committee held that the plan should be adopted forthwith. P challenged the validity of the plan on the grounds that R failed to give adequate reasons for rejecting the Inspector`s recommendation and was in breach of Town and Country Planning (Structure and Local Plans) Regulations 1982. This application was dismissed on the grounds that R`s reasons were adequate and intelligible. | ||
| 650 | _aDEVELOPMENT PHASING | ||
| 650 | _aHOUSING DEVELOPMENT | ||
| 650 | _aLOCAL DEVELOPMENT PLANS | ||
| 650 | _aTOWN AND COUNTRY (STRUCTURE AND LOCAL PLANS) REGULATIONS 1982 | ||
| 690 | _aPLANNING LAW AND PRACTICE-CASE LAW | ||
| 942 | _n0 | ||
| 948 | _c04/03/1997 | ||
| 999 |
_c46923 _d46923 |
||